|
|
|
|
| LEADER |
00000nab a2200000 a 4500 |
| 001 |
vtls000603970 |
| 003 |
SK-MaSNL |
| 005 |
20260304091437.0 |
| 008 |
250425c1996 xo 0 slo |
| 015 |
|
|
|a SNBRB19rr/mm-uuuuu
|
| 035 |
|
|
|a CL0604109
|
| 035 |
|
|
|a urn:nbn:sk:snk-abbqbd
|
| 035 |
|
|
|a (urnnbn)urn:nbn:sk:snk:ar-006dtl
|
| 035 |
|
|
|a (uuid)c5bc77db-4c72-4279-88a1-eb7b3a0f29bd
|
| 040 |
|
|
|a SNKBUCL
|b slo
|c SNKBUCL
|e AACR2
|
| 041 |
0 |
|
|a cze
|
| 044 |
|
|
|a xo
|c SK
|
| 080 |
|
|
|a 613.24
|2 1981
|
| 100 |
1 |
|
|a Kudlová, Eva
|4 aut
|9 807935
|
| 245 |
1 |
0 |
|a Ekologie podvýživy
|c Eva Kudlová
|
| 300 |
|
|
|b Res. angl., lit. 14 zázn. v angl.
|
| 650 |
0 |
7 |
|a podvýživa
|2 snkbucl
|9 20450
|
| 650 |
0 |
7 |
|a ekológia podvýživy
|2 snkbucl
|9 1383825
|
| 655 |
|
7 |
|a články z novín a časopisov
|2 snkbucl
|9 267496
|
| 773 |
0 |
|
|t Životné prostredie
|g Roč. 30, č. 5 (1996), s. 244-246
|x 0044-4863
|
| 850 |
|
|
|a Slovenská národná knižnica
|
| 852 |
|
|
|a Slovenská národná knižnica
|
| 958 |
|
|
|a article15
|
| 958 |
|
|
|a OND
|
| 958 |
|
|
|a NB
|
| 958 |
|
|
|a MI
|
| 958 |
|
|
|a RK
|
| 958 |
|
|
|a EUIPO
|
| 992 |
|
|
|a RBX
|
| 999 |
|
|
|c 2815413
|d 2817343
|